<?xml version="1.0" encoding="UTF-8"?>
<collection xmlns="http://www.loc.gov/MARC21/slim">
<record>
  <controlfield tag="001">2724</controlfield>
  <controlfield tag="005">20160706140826.0</controlfield>
  <datafield tag="037" ind1=" " ind2=" ">
    <subfield code="a">ASTROimport-881</subfield>
  </datafield>
  <datafield tag="100" ind1=" " ind2=" ">
    <subfield code="a">Aleman, I.</subfield>
  </datafield>
  <datafield tag="260" ind1=" " ind2=" ">
    <subfield code="c">2015</subfield>
  </datafield>
  <datafield tag="520" ind1=" " ind2=" ">
    <subfield code="a">The Herschel Planetary Nebula Survey (HerPlaNS) is an imaging and spectroscopy survey of 11 planetary nebulae (PNe) in the far-IR using the PACS and SPIRE instruments aboard the Herschel Space Observatory. A line survey in these PNe over the entire spectral range between 51 µm and 672 µm revealed the first detections of OH+ emission in PNe. The rotational emission lines of OH+ at 152.99, 290.20, 308.48, and 329.77 µm were detected in the spectra of three PNe: NGC 6445, NGC6720, and NGC 6781. Excitation temperatures and column densities in the range of 27 - 47 K and 2×1010 - 4×1011 cm-2, respectively, were derived from these lines. In these objects, the OH+ rotational line emission is mostly likely produced in the photodissociation region (PDR). The emission of OH+ is observed only in PNe with hot central stars (Teff > 100000 K), with ring-like or torus-like structure. The fact that we do not detect OH+ in objects with Teff  100000 K suggests that the hardness of the ionizing central star spectra (i.e. the production of soft X-rays, ˜ 100 - 300 eV) could be an important factor in the production of OH+ emission in PNe, as seems to be the case in recent OH+ detections in ultraluminous galaxies and supernovae remnants.</subfield>
  </datafield>
  <datafield tag="245" ind1=" " ind2=" ">
    <subfield code="a">Herschel Planetary Nebula Survey (HerPlaNS): First Detection of OH+ in Planetary Nebulae</subfield>
  </datafield>
  <datafield tag="700" ind1=" " ind2=" ">
    <subfield code="a">Ueta, T.</subfield>
  </datafield>
  <datafield tag="700" ind1=" " ind2=" ">
    <subfield code="a">Ladjal, D.</subfield>
  </datafield>
  <datafield tag="700" ind1=" " ind2=" ">
    <subfield code="a">Exter, K.</subfield>
  </datafield>
  <datafield tag="700" ind1=" " ind2=" ">
    <subfield code="a">Kastner, J.</subfield>
  </datafield>
  <datafield tag="700" ind1=" " ind2=" ">
    <subfield code="a">Montez, R.</subfield>
  </datafield>
  <datafield tag="700" ind1=" " ind2=" ">
    <subfield code="a">Tielens, X.</subfield>
  </datafield>
  <datafield tag="700" ind1=" " ind2=" ">
    <subfield code="a">Chu, Y.-H.</subfield>
  </datafield>
  <datafield tag="700" ind1=" " ind2=" ">
    <subfield code="a">Izumiura, H.</subfield>
  </datafield>
  <datafield tag="700" ind1=" " ind2=" ">
    <subfield code="a">McDonald, I.</subfield>
  </datafield>
  <datafield tag="700" ind1=" " ind2=" ">
    <subfield code="a">Sahai, R.</subfield>
  </datafield>
  <datafield tag="700" ind1=" " ind2=" ">
    <subfield code="a">Siódmiak, N.</subfield>
  </datafield>
  <datafield tag="700" ind1=" " ind2=" ">
    <subfield code="a">Szczerba, R.</subfield>
  </datafield>
  <datafield tag="700" ind1=" " ind2=" ">
    <subfield code="a">van Hoof, P. A. M.</subfield>
  </datafield>
  <datafield tag="700" ind1=" " ind2=" ">
    <subfield code="a">Villaver, E.</subfield>
  </datafield>
  <datafield tag="700" ind1=" " ind2=" ">
    <subfield code="a">Vlemmings, W.</subfield>
  </datafield>
  <datafield tag="700" ind1=" " ind2=" ">
    <subfield code="a">Wittkowski, M.</subfield>
  </datafield>
  <datafield tag="700" ind1=" " ind2=" ">
    <subfield code="a">Zijlstra, A.</subfield>
  </datafield>
  <datafield tag="773" ind1=" " ind2=" ">
    <subfield code="c">108.05</subfield>
    <subfield code="p">American Astronomical Society Meeting Abstracts</subfield>
    <subfield code="v">225</subfield>
    <subfield code="y">2015</subfield>
  </datafield>
  <datafield tag="856" ind1="4" ind2="2">
    <subfield code="a">http://esoads.eso.org/abs/2015AAS...22510805A</subfield>
  </datafield>
  <datafield tag="905" ind1=" " ind2=" ">
    <subfield code="a">published in</subfield>
  </datafield>
  <datafield tag="980" ind1=" " ind2=" ">
    <subfield code="a">NONREF</subfield>
  </datafield>
</record>
</collection>